Southville International School and Colleges
Your cart is empty.
  • Cart
  • Lists
    Public lists Eva Luna New books Lux_list list_1
    Your lists Log in to create your own lists
  • Log in to your account
  • Your cookies
  • Search history
Southville International School and Colleges
  • Advanced search
  • Recent comments
  • Most popular
  • Libraries

Log in to your account

Log in with GOOGLE


If you do not have an external account, but do have a local account, you can still log in:

  1. Home
  2. MARC view: Starring Grace /
Normal view MARC view ISBD view

Starring Grace / (Record no. 343700)

[ view plain ]
MARC details
000 -LEADER
fixed length control field 00583nam a2200217Ia 4500
008 - FIXED-LENGTH DATA ELEMENTS--GENERAL INFORMATION
fixed length control field 170918s9999 xx 000 0 und d
020 ## - INTERNATIONAL STANDARD BOOK NUMBER
International Standard Book Number 9780142300220
050 ## - LIBRARY OF CONGRESS CALL NUMBER
Item number H711pu 2000
100 ## - MAIN ENTRY--PERSONAL NAME
Personal name Hoffman, Mary
245 ## - TITLE STATEMENT
Title Starring Grace /
245 ## - TITLE STATEMENT
Statement of responsibility, etc by Mary Hoffman ; pictures by Caroline Binch.
260 ## - PUBLICATION, DISTRIBUTION, ETC. (IMPRINT)
Place of publication, distribution, etc New York :
260 ## - PUBLICATION, DISTRIBUTION, ETC. (IMPRINT)
Name of publisher, distributor, etc Puffin Books,
260 ## - PUBLICATION, DISTRIBUTION, ETC. (IMPRINT)
Date of publication, distribution, etc 2000
300 ## - PHYSICAL DESCRIPTION
Extent 95 pages :
300 ## - PHYSICAL DESCRIPTION
Other physical details illustrations ;
300 ## - PHYSICAL DESCRIPTION
Dimensions 19cm.
300 ## - PHYSICAL DESCRIPTION
Accompanying material Puffin chapters.
440 ## - SERIES STATEMENT/ADDED ENTRY--TITLE
Volume number/sequential designation Sequel to the best-selling Amazing Grace and Boundless Grace.
500 ## - GENERAL NOTE
General note 740
Holdings
Withdrawn status Lost status Damaged status Home library Current library Date acquired Total Checkouts Full call number Barcode Date last seen Price effective from Koha item type
      Stonyhurst Southville International School (Malarayat) Stonyhurst Southville International School (Malarayat) 09/18/2017   GS FIC H711pu 2000 SSISM2772 09/18/2017 09/18/2017 Books

Starring Grace /

APA

Hoffman M., .Starring Grace. New York: .

Chicago

Hoffman Mary, .Starring Grace. New York: .

Harvard

Hoffman M., .Starring Grace. New York: .

MLA

Hoffman Mary, .New York: . .

  • Place hold
  • Print
  • Cite
  • Add to your cart (remove)
  • Save record
    BIBTEX Dublin Core MARCXML MARC (non-Unicode/MARC-8) MARC (Unicode/UTF-8) MARC (Unicode/UTF-8, Standard) MODS (XML) RIS
  • More searches
    Search for this title in:
    Other Libraries (WorldCat) Other Databases (Google Scholar) Online Stores (Bookfinder.com) Open Library (openlibrary.org)

Exporting to Dublin Core...

SOUTHVILLE LIBRARY

Southville International School and Colleges Library

1281 Tropical Ave. Cor. Luxembourg St., BF Homes International, Las Pinas City

Tel. No. 8256374 / 252358 Loc. 117/146

Powered by Koha